| 000 | 01162cam a2200313 a 4500 | ||
|---|---|---|---|
| 001 | 4298071 | ||
| 005 | 19890622000000.0 | ||
| 008 | 861024m19879999mdua b 001 0 eng c | ||
| 010 | _a 86028683 | ||
| 020 | _a0871896230 (loose leaf) | ||
| 040 |
_aDNLM/DLC _cDLC _dDLC |
||
| 050 | 1 | 0 |
_aRM170 _b.H66 1987 |
| 060 | _aWY 39 H765 | ||
| 082 | 0 | 0 |
_a615.85502 _219 _bIVT |
| 245 | 0 | 0 |
_aI.V. Therapy : _bAn Incrdibly easy workout / |
| 260 |
_aPhiladelphia : _bLippincott Williams & Wilkins,, _cc. 2009. |
||
| 300 |
_a241 _bill. ; _c29 cm. |
||
| 500 | _a"Hospital Home Health Care Agency of California." | ||
| 500 | _a"An Aspen publication." | ||
| 504 | _aIncludes bibliography and index. | ||
| 650 | 0 |
_aIntravenous therapy _xStandards. |
|
| 650 | 0 | _xStandards. | |
| 650 | 2 | _xstandards | |
| 650 | 2 |
_aInfusions, Parenteral _xnursing |
|
| 700 | 1 |
_aKruzic, Paula, _d1929- |
|
| 710 | 2 | _aHospital Home Health Care Agency of California. | |
| 942 |
_2ddc _cBB |
||
| 999 |
_c10929 _d10929 |
||